Easy History Chain - Statistics

General Stats
  • This quiz has been taken 255 times
  • The average score is 7 of 13
Answer Stats
Hint Answer % Correct
River that the Egyptians rely on Nile
94%
Where Cleopatra came from Egypt
92%
Where the Vikings came from Norway
86%
President who freed the Slaves Abraham Lincoln
76%
Very old college, races against Oxford Cambridge
67%
The other side of that war Sparta
54%
First man in Space Yuri Gagarin
53%
Scandanavian nations are also known as Nordic
49%
One side of the Peloponnesian War Athens
46%
Spanish region, Henry's wife was from here Aragon
44%
Old name for Ethiopia Abyssinia
32%
Old name for Carthage Tunisia
25%
One of the old Saxon nations Essex
13%
No matching quizzes found
Score Distribution
Percent of People with Each Score
Percentile by Number Answered
Your Score History
You have not taken this quiz